000 00888nam a2200229 a 4500
001 000003883
005 20230331073625.0
008 090714s2002 dr 001 0 spa d
040 _aDO-SdBNP
_bspa
_cBNPHU
082 _a344.729301
_bH557c
100 _aHernández Rueda, Lupo,
_d1930-2017
_923790
245 1 0 _aCódigo de trabajo anotado /
_cLupo Hernández Rueda ; edición Juan Jacob Mejía.
260 _aSanto Domingo :
_bInstituto de Estudios del Trabajo,
_c2002.
300 _382 v. ;
_c28 cm.
500 _aIncluye índice por materia
505 0 _gv. 1. -
_tArtículos del 1 al 316 --
_gv. 2. -
_tArtículos del 317 al 738.
590 _aInventariado, 2018/VM
650 4 _aDerecho laboral
_zRepública Dominicana
_97337
650 4 _aLegislación laboral
_zRepública Dominicana
_911733
700 1 2 _aMejía, Juan Jacob,
_eed.
_911734
910 _aValidado. Control de calidad. MFF
999 _c3705
_d3705